Energetická bezpečnosť a možnosti jej zvyšovania bakalárska práca

Enregistré dans:
Détails bibliographiques
Auteur principal: Filípek, Vladimír
Collectivité auteur: Národohospodárska fakulta EU. Katedra financií
Autres auteurs: Bašová, Alena, 1961-
Format: Livre
Langue:slovaque
Publié: Bratislava 2023
Tags: Ajouter un tag
Pas de tags, Soyez le premier à ajouter un tag!

MARC

LEADER 00000nbm a2200000 4500
001 0294596
005 20231106124048.9
041 0 |a slo 
044 |a SK 
245 1 0 |a Energetická bezpečnosť a možnosti jej zvyšovania  |b bakalárska práca  |c Vladimír Filípek ; školiteľ: Alena Bašová 
264 1 |a Bratislava  |c 2023 
300 |a 49 s. 
100 1 |a Filípek, Vladimír 
700 1 |a Bašová, Alena, 1961- 
710 2 |a Národohospodárska fakulta EU. Katedra financií